| 000 | 00519nam a22001697a 4500 | ||
|---|---|---|---|
| 008 | 230424b |||||||| |||| 00| 0 eng d | ||
| 020 | _a0-471-03172-0 | ||
| 040 |
_aNational Science Library _cNational Science Library |
||
| 080 |
_a519.6 _bL2 |
||
| 100 |
_aAndrews, Harry C _97290 |
||
| 245 | _aIntroduction to mathematical techniques in pattern recognition | ||
| 260 |
_aNew York: _bWiley Interscience _c1972 |
||
| 300 | _aix, 242p. | ||
| 650 | _aMathematical | ||
| 653 | _aPattern recognition | ||
| 942 |
_2udc _cBK |
||
| 999 |
_c22776 _d22776 |
||